Dokumentumok. Igen Tisztelt Nagykövet Uram
Elmentve itt :
| Szerző: | |
|---|---|
| Adatforrás: | Meister |
| Forrásdokumentuma: | Látó. - 3 sz., 1999, 86-88 p. |
| Nyelv: | magyar |
| Kulcsszavak: | művelődéstörténet politikai dokumentumok KÓS Károly |
| LEADER | 00405nab a2200145 i 4500 | ||
|---|---|---|---|
| 001 | bibPRO00010320 | ||
| 008 | 060524s1999 xx hun | ||
| 040 | |a Sz1 | ||
| 041 | |a hun | ||
| 100 | 1 | |a KÓS Károly | |
| 245 | 1 | 0 | |a Dokumentumok. Igen Tisztelt Nagykövet Uram |c KÓS Károly |
| 695 | |a művelődéstörténet | ||
| 695 | |a politikai dokumentumok | ||
| 695 | |a KÓS Károly | ||
| 773 | 0 | |t Látó. - |g 3 sz., 1999, 86-88 p. | |